ბათუმის შოთა რუსთაველის სახელმწიფო უნივერსიტეტის ბიბლიოთეკა

Вопросы размещения и специализации сельского хозьяйиства (ბიბ.ჩანაწერი № 46257)

000 -LEADER
fixed length control field 00828nam a2200205Ia 4500
001 - CONTROL NUMBER
control field 13090
003 - CONTROL NUMBER IDENTIFIER
control field GE_BSU
008 - FIXED-LENGTH DATA ELEMENTS--GENERAL INFORMATION
fixed length control field 181216s||||||||xx |||||||||||||| ||und||
040 ## - CATALOGING SOURCE
Transcribing agency GE_BSU
080 ## - UNIVERSAL DECIMAL CLASSIFICATION NUMBER
Universal Decimal Classification number 631.14(470)
245 ## - TITLE STATEMENT
Title Вопросы размещения и специализации сельского хозьяйиства
245 ## - TITLE STATEMENT
Remainder of title Сборник статей
245 ## - TITLE STATEMENT
Statement of responsibility, etc. Под.ред.Л.М.Зальцмана. Г.Г.Бадирьяна, К.П.Оболенского.Ред.М.А.Сулковская, П.П. Гребцов
260 ## - PUBLICATION, DISTRIBUTION, ETC.
Place of publication, distribution, etc. Москва
260 ## - PUBLICATION, DISTRIBUTION, ETC.
Name of publisher, distributor, etc. Госиздат сель.-хоз.лит-ры
260 ## - PUBLICATION, DISTRIBUTION, ETC.
Date of publication, distribution, etc. 1957
300 ## - PHYSICAL DESCRIPTION
Extent 552стр.27см.илл.
653 ## - INDEX TERM--UNCONTROLLED
Uncontrolled term Вопросы размещения и специализации сельского хозьяйиства
942 ## - ADDED ENTRY ELEMENTS (KOHA)
Koha item type წიგნი
ეგზემპლარები
Withdrawn status Lost status Damaged status Not for loan Date acquired Barcode Date last seen Price effective from Koha item type
        2018-12-17 21055 2018-12-17 2018-12-17 წიგნი